[Event "Memorial Jirasek"]
[Site "Rakovnik CEC"]
[Date "2008.08.09"]
[Round "1"]
[White "Sergeev, Vl"]
[Black "Cernousek, L."]
[Result "1-0"]
[WhiteElo "2508"]
[BlackElo "2436"]
[PlyCount "107"]
[EventDate "2008.08.09"]
[Source "www.chesslib.no"]
[SourceDate "2004.05.04"]

1. d4 d5 2. Bf4 Nf6 3. e3 c5 4. c3 Nc6 5. Nd2 Qb6 6. Qb3 Bf5 7. dxc5 Qxb3 8. axb3 e5 9. Bg3 Bxc5 10. b4 Bd6 11. b5 Ne7 12. Ngf3 Nd7 13. Nd4 Bg6 14. Be2 O-O 15. O-O Bc5 16. N4b3 Bb6 17. c4 f6 18. Na5 Rab8 19. b4 dxc4 20. Bxc4+ Bf7 21. Rfd1 Rfd8 22. Ne4 Bxa5 23. Bxf7+ Kxf7 24. bxa5 a6 25. f4 axb5 26. Nd6+ Ke6 27. Nxb5 Nc5 28. fxe5 fxe5 29. Nc7+ Kf5 30. Rf1+ Ke4 31. Rab1 Nc6 32. Rb5 Nd3 33. Rf7 Kxe3 34. Ne6 Rd6 35. Nxg7 Ke2 36. Nf5 Re6 37. Bh4 Ra8 38. Ng3+ Kd2 39. Rfxb7 Nd4 40. Bg5+ Kd1 41. Rb1+ Kc2 42. Ra1 e4 43. Be3 Nc6 44. Ra2+ Kc3 45. Ne2+ Kc4 46. Rc2+ Kd5 47. Rb5+ Kd6 48. Rb6 Kd5 49. Nf4+ Nxf4 50. Rc5+ Kd6 51. Rbxc6+ Kd7 52. Rc7+ Kd8 53. Bxf4 e3 54. Bg5+ 1-0

[Event "Christmas Open"]
[Site "Zadar"]
[Date "2003.12.19"]
[Round "7"]
[White "Kovacevic, Blazimir"]
[Black "Makarov, Marat"]
[Result "1/2-1/2"]
[WhiteElo "2424"]
[BlackElo "2517"]
[PlyCount "57"]
[EventDate "2003.12.15"]
[Source "Roberto Alvarez"]
[SourceDate "2003.12.22"]

1. d4 d5 2. Bf4 e6 3. e3 c5 4. c3 Nc6 5. Nd2 Bd6 6. Bxd6 Qxd6 7. Qg4 Kf8 8. f4 cxd4 9. exd4 e5 10. fxe5 Qxe5+ 11. Qe2 Qd6 12. Qf3 Nf6 13. Bd3 Bg4 14. Qg3 Qxg3+ 15. hxg3 Re8+ 16. Kf1 g6 17. Ngf3 Kg7 18. Re1 Rxe1+ 19. Kxe1 Re8+ 20. Kf2 Bd7 21. Re1 Ng4+ 22. Kf1 Rxe1+ 23. Kxe1 Ne7 24. Ke2 Kf6 25. Nf1 Nf5 26. Bxf5 Bxf5 27. N3d2 Ke6 28. Ne3 Nf6 29. Nxf5 1/2-1/2

[Event "Open"]
[Site "Granada ESP"]
[Date "2007.12.09"]
[Round "9"]
[White "Kovacevic, Sl"]
[Black "Barsov, A."]
[Result "1-0"]
[WhiteElo "2414"]
[BlackElo "2526"]
[PlyCount "237"]
[EventDate "2007.12.05"]
[Source "www.chesslib.no"]
[SourceDate "2004.05.04"]

1. d4 d5 2. Bf4 Nf6 3. e3 g6 4. c3 Bg7 5. Nd2 O-O 6. Be2 Nc6 7. h3 e5 8. dxe5 Nd7 9. Ngf3 Ndxe5 10. Nxe5 Nxe5 11. Nf3 Nxf3+ 12. Bxf3 c6 13. Qb3 Qe7 14. O-O Be6 15. Qc2 f5 16. Be2 Rad8 17. Rac1 Rd7 18. Rfe1 Rfd8 19. Rcd1 Qf6 20. Qa4 a6 21. Qb4 g5 22. Bh2 Qe7 23. Qb6 h6 24. Kh1 Re8 25. Bh5 Bf7 26. Be2 Qd8 27. Qb3 Qf6 28. Qb4 Re4 29. Qb6 Re8 30. Bd3 Be6 31. Be2 Qd8 32. Qb3 Kh8 33. Qb4 Qe7 34. Qb6 Bg8 35. Rf1 Qd8 36. Qc5 Qe7 37. Qb6 Be6 38. Rd2 Rf8 39. Rfd1 Rfd8 40. Bf3 Bf6 41. Be2 Kg7 42. Kg1 Qf7 43. a3 Qe7 44. Kh1 Qf7 45. Kg1 Kh7 46. Bd3 Kh8 47. Qb4 Qe7 48. Qb6 h5 49. Bc2 h4 50. Kh1 Kg7 51. Bd3 Qf7 52. Qb4 Qe7 53. Qa4 Qf7 54. Qb4 Qf8 55. Qb6 Kh6 56. Bc2 Qe7 57. Bd3 Rf8 58. Bc2 Bg7 59. Bd3 Rf7 60. Bc2 Qf6 61. Bd3 Rfe7 62. Bc2 Bf7 63. Bd3 Bh5 64. Rc1 Bg6 65. Be2 Bh5 66. Bd3 Re8 67. Rf1 Bg6 68. Be2 Qd8 69. Qb3 Qe7 70. Qb6 Qd8 71. Qb3 b5 72. a4 Rde7 73. axb5 axb5 74. Bd3 Ra7 75. Rc1 Qe7 76. Qd1 Rea8 77. Qc2 Qf6 78. Rdd1 Kh7 79. Re1 Kh8 80. Red1 Kh7 81. Re1 Ra4 82. Rf1 Kh6 83. Rfe1 Kh7 84. Red1 Qe6 85. Re1 Bf6 86. Rf1 Kg7 87. Rce1 R8a7 88. f4 Rf7 89. Re2 Ra8 90. fxg5 Bxg5 91. Bf4 Be7 92. Qd2 Bc5 93. Qe1 Rh8 94. Bg5 Be7 95. Bf4 Bc5 96. Qf2 Bh5 97. Ree1 Bg6 98. Ra1 Re7 99. Rfe1 Ra7 100. Red1 Rxa1 101. Rxa1 b4 102. cxb4 Bxb4 103. Ra6 Kf7 104. Ra7+ Kg8 105. Ra8+ Bf8 106. Bg5 c5 107. b3 c4 108. bxc4 dxc4 109. Bc2 Rh7 110. Qf4 Rf7 111. Rb8 Qa6 112. Qxh4 f4 113. Bxg6 Qxg6 114. Bxf4 c3 115. Rc8 Rg7 116. Qf2 Qd3 117. Be5 Rf7 118. Qg3+ Kh7 119. Qh4+ 1-0

[Event "Budapest HUN"]
[Site "?"]
[Date "2005.07.07"]
[Round "6"]
[White "Chernyshov Konstantin"]
[Black "Manca Federico"]
[Result "0-1"]
[WhiteElo "2548"]
[BlackElo "2390"]
[PlyCount "62"]
[EventDate "2005.??.??"]
[Source "www.chesslib.no"]
[SourceDate "2004.05.04"]

1. d4 d5 2. Bf4 Bf5 3. c4 e6 4. Nc3 Nf6 5. e3 Bb4 6. Qb3 c5 7. a3 Bxc3+ 8. bxc3 O-O 9. Nf3 Nc6 10. dxc5 Ne4 11. cxd5 exd5 12. Nd4 Nxc5 13. Qb5 Nxd4 14. cxd4 Ne4 15. f3 Nc3 16. Qxb7 g5 17. Bg3 Re8 18. Kd2 Rc8 19. Bd3 Bxd3 20. Kxd3 Re6 21. Rhb1 Nxb1 22. Rxb1 Rec6 23. Be1 Qf6 24. Bd2 g4 25. Qd7 gxf3 26. Qxa7 Kh8 27. gxf3 Rc2 28. e4 Rxd2+ 29. Kxd2 Qxd4+ 30. Ke1 Qe3+ 31. Kf1 Rg8 0-1

[Event "XI Open"]
[Site "Malaga ESP"]
[Date "2008.02.27"]
[Round "6"]
[White "Kovacevic, Sl"]
[Black "Jedynak, R."]
[Result "0-1"]
[WhiteElo "2413"]
[BlackElo "2525"]
[PlyCount "48"]
[EventDate "2008.02.23"]
[Source "www.chesslib.no"]
[SourceDate "2004.05.04"]

1. d4 d5 2. Bf4 c5 3. e3 Nc6 4. c3 Qb6 5. Qb3 c4 6. Qc2 Bf5 7. Qxf5 Qxb2 8. Qxd5 Qxa1 9. Qb5 O-O-O 10. Nf3 Rd5 11. Qxd5 Qxb1+ 12. Ke2 Qd3+ 13. Ke1 Qb1+ 14. Ke2 Qd3+ 15. Ke1 Qxc3+ 16. Nd2 Qc1+ 17. Ke2 c3 18. Ne4 e6 19. Nd6+ Kd7 20. Qb5 Qb2+ 21. Qxb2 cxb2 22. Nxf7 b1=Q 23. Nxh8 Nf6 24. Nf7 Qc2+ 0-1

[Event "First Saturday GM - Aprile 2007"]
[Site "Budapest UNG"]
[Date "2007.04.08"]
[Round "2"]
[White "Kosic, Dragan"]
[Black "Fodor, Tamas Jr"]
[Result "1/2-1/2"]
[WhiteElo "2507"]
[BlackElo "2426"]
[PlyCount "53"]
[EventDate "2007.04.07"]
[Source "www.chesslib.no"]
[SourceDate "2004.05.04"]

1. d4 d5 2. Bf4 Nf6 3. e3 c5 4. c3 Qb6 5. Qb3 Nc6 6. Nd2 c4 7. Qc2 g6 8. b3 Bf5 9. Qb2 Bg7 10. Ngf3 O-O 11. Be2 a5 12. Qa3 cxb3 13. Qxb3 Qxb3 14. axb3 Ne4 15. Nxe4 Bxe4 16. O-O Rfc8 17. Rfc1 h5 18. h3 Ra7 19. Nd2 Bf5 20. g4 hxg4 21. hxg4 Bd7 22. Bg3 e5 23. Nb1 Raa8 24. Na3 exd4 25. cxd4 Na7 26. Bd6 Bf8 27. Bxf8 1/2-1/2